Logo firm zaczynających się na F - Statystyki

Ogólne statystyki
  • Ten quiz został rozwiązany 3 788 razy
  • Średni wynik to 9 z 16
Statystyki odpowiedzi
Obrazkowy Odpowiedź % Poprawnych
Facebook
100%
Ford
99%
Fanta
98%
Ferrari
97%
Firefox
97%
FedEx
95%
Fiat
90%
Fila
81%
Formula One
71%
Foot Locker
28%
Fisher Price
26%
Fruit of the Loom
23%
Fuji
13%
Firestone
9%
Fritos
5%
Fitbit
3%
Nie znaleziono quizów pasujących do podanych kryteriów
Rozkład punktacji
Procent ludzi z każdym wynikiem
Percentyl według liczby udzielonych odpowiedzi
Twoja historia wyników
Nie rozwiązałeś tego quizu